The Temple complex at Barbar, Bahrain : a description and guide.

Saved in:
Bibliographic Details
Corporate Author: Bahrain. Wizārat al-Iʻlām.
Format: Book
Language:English
Published: [Manama] : Ministry of Information, State of Bahrain, [1985?]
Subjects:
Tags: Add Tag
No Tags, Be the first to tag this record!
LEADER 00774nam a2200253 a 4500
001 007796143-9
005 20020606104010.5
008 860508s1985 ba a f000 0 eng
010 |a  85964512  
035 0 |a ocm15401785 
040 |a DLC  |c DLC  |d HLS 
043 |a a-ba--- 
050 0 |a DS247.B23  |b T46 1985 
082 0 |a 939/.4  |2 19 
245 0 4 |a The Temple complex at Barbar, Bahrain :  |b a description and guide. 
260 |a [Manama] :  |b Ministry of Information, State of Bahrain,  |c [1985?] 
300 |a 48 p. :  |b ill. (some col.) ;  |c 31 cm. 
650 0 |a Temples  |z Bahrain. 
650 0 |a Excavations (Archaeology)  |z Bahrain. 
651 0 |a Barbar Site (Bahrain) 
651 0 |a Bahrain  |x Antiquities. 
710 1 |a Bahrain.  |b Wizārat al-Iʻlām. 
988 |a 20020608 
906 |0 DLC